Die 107 häufigsten ♂ ♀ Vornamen in Brandenburg - Statistiken

Allgemein
  • Dieses Quiz wurde 82 mal gespielt
  • Das Durchschnittsergebnis liegt bei 46 aus 109
Antwortstatistiken
♂ /♀ Vorname % Korrekt
Jungen - - > | Mädchen - - > ⤵️
100%
L3 Leo
84%
M3 Mia
82%
A4 Anna
78%
P4 Paul
78%
E4 Emil
76%
L3 Lia
76%
M3 Max
76%
L4 Leon
74%
E4 Emma
70%
L3 Lea
70%
M5 Marie
70%
H6 Hannah
68%
F4 Finn
64%
B3 Ben
62%
L4 Lara
62%
L4 Lena
62%
S6 Sophie
62%
I3 Ida
60%
K4 Karl
60%
C9 Charlotte
58%
M4 Mara
58%
A5 Anton
56%
M10 Maximilian
56%
S6 Sophia
56%
E4 Ella
54%
L4 Lina
54%
T4 Theo
54%
L4 Luca
52%
L5 Lukas
52%
O5 Oskar
52%
E6 Emilia
50%
J4 Jona
50%
M6 Moritz
50%
F5 Felix
48%
F6 Frieda
48%
K10 Konstantin
48%
L5 Louis
48%
J5 Jonas
46%
M4 Mila
46%
N4 Nele
46%
A9 Alexander
44%
L5 Luisa
44%
N4 Noah
44%
Z3 Zoe
44%
A5 Aaron
40%
J7 Johanna
40%
L6 Leonie
40%
L4 Luna
40%
M4 Mira
40%
M8 Mohammed
40%
P7 Pauline
40%
A6 Amelie
38%
C5 Clara
38%
F5 Fritz
38%
L4 Liam
38%
L5 Lilly
38%
M4 Maja
38%
T7 Theodor
38%
E5 Elias
36%
E5 Emily
36%
H6 Helena
36%
J5 Jakob
36%
L4 Leni
36%
N4 Nora
36%
E3 Eva
34%
F9 Friedrich
34%
H5 Henry
34%
L5 Lotta
34%
M8 Mathilda
34%
M6 Matteo
34%
C5 Carlo
32%
F5 Finja
32%
J8 Jonathan
32%
M5 Merle
32%
A3 Ava
30%
L3 Lio
30%
M6 Martha
30%
M5 Milan
30%
J6 Jannis
28%
L4 Levi
28%
L5 Linus
28%
L5 Lotte
28%
M7 Marlene
28%
E6 Emilio
26%
F5 Flora
26%
M5 Malia
26%
M4 Mats
26%
M4 Milo
26%
R4 Romy
26%
T4 Thea
26%
T5 Tilda
26%
B5 Bruno
24%
F8 Frederik
24%
L6 Ludwig
24%
P7 Philipp
24%
R7 Rosalie
24%
H6 Hailey
22%
J6 Jannik
22%
J4 Juna
22%
A4 Alma
18%
A6 Arthur
18%
R7 Raphael
16%
R7 Richard
16%
M5 Malte
12%
A4 Arne
10%
K6 Konrad
10%
P4 Pepe
8%
Keine übereinstimmenden Quizze gefunden
Verteilung der Resultate
Anzahl Personen mit jedem Resultat
Perzentil nach korrekt beantworteten Fragen
Ihre Resultats-Entwicklung
Sie haben dieses Quiz noch nicht gespielt